| 000 | 00877cam a22002415a 4500 | ||
|---|---|---|---|
| 005 | 20171112140643.0 | ||
| 008 | 171112t1987 gw a fr 000 0 eng d | ||
| 020 | _a3540179003 | ||
| 020 | _a0387179003 | ||
| 040 |
_aEG-ScBUE _beng _cEG-ScBUE _dEG-ScBUE |
||
| 082 | 0 | 4 |
_222 _a629.8312 _bOPT |
| 245 | 0 | 0 |
_aOptimal control : _bproceedings of the Conference on Optimal Control and Variational Calculus, Oberwolfach West -Germany, June 15-21.1986 / _cedited by M. Thoma and A. Wyner. |
| 260 |
_aBerlin : _bSpringer-Verlag, _cc.1987. |
||
| 300 |
_axi, 330 p. : _bill. ; _c24 cm. |
||
| 490 | 0 | _aLecture notes in control and information sciences | |
| 650 | 7 |
_2BUEsh _93461 _aControl theory. |
|
| 650 | 7 |
_93485 _aMathematical optimization. _2BUEsh |
|
| 651 | _2BUEsh | ||
| 653 |
_bGGEN _cNovember2017 |
||
| 700 | 1 |
_aThoma, M., _eeditor. |
|
| 700 | 1 |
_aWyner, A., _eeditor. |
|
| 942 | _2ddc | ||
| 999 |
_c25565 _d25537 |
||